[Event "ODJM B 2018"]
[Site "Willingen GER"]
[Date "2018.05.24"]
[Round "7"]
[White "Brockmeyer, Tobias"]
[Black "Breß, Aaron"]
[Result "1/2-1/2"]
[Termination "normal"]
[Board "2"]
[WhiteElo "1688"]
[BlackElo "1701"]
[WhiteClock "00:01:07"]
[BlackClock "00:02:25"]
[PlyCount "189"]
[WhiteFideId "12982385"]
[BlackFideId "12996432"]
[EventCountry "GER"]
[EventRounds "9"]
[EventType "swiss"]
[EventDate "2018.05.19"]

1. d4 1... Nf6 {[%clk 1:30:47]} 2. c4 {[%clk 1:31:29]} 2... g6 {[%clk 1:31:05]}
3. f3 {[%clk 1:31:57]} 3... d5 {[%clk 1:28:22]} 4. cxd5 {[%clk 1:32:26]} 4...
Nxd5 {[%clk 1:27:52]} 5. e4 {[%clk 1:32:55]} 5... Nb6 {[%clk 1:27:02]} 6. Nc3 {
[%clk 1:33:23]} 6... Bg7 {[%clk 1:26:53]} 7. Be3 {[%clk 1:33:51]} 7... O-O {
[%clk 1:22:12]} 8. Qd2 {[%clk 1:34:18]} 8... Re8 {[%clk 1:04:39]} 9. h4 { [%clk
1:34:03]} 9... h5 {[%clk 1:01:08]} 10. g4 {[%clk 1:31:22]} 10... hxg4 { [%clk
0:57:23]} 11. h5 {[%clk 1:31:12]} 11... e5 {[%clk 0:32:07]} 12. d5 { [%clk
1:18:27]} 12... N8d7 {[%clk 0:26:45]} 13. hxg6 {[%clk 1:12:35]} 13... fxg6
{[%clk 0:23:16]} 14. Bh6 {[%clk 1:06:17]} 14... Qe7 {[%clk 0:21:55]} 15. fxg4
{[%clk 0:53:37]} 15... Nf6 {[%clk 0:18:05]} 16. g5 {[%clk 0:48:42]} 16... Nh5
{[%clk 0:16:57]} 17. Bxg7 {[%clk 0:47:52]} 17... Qxg7 {[%clk 0:16:32]} 18. Be2
{[%clk 0:44:17]} 18... Nf4 {[%clk 0:16:21]} 19. O-O-O {[%clk 0:44:03]} 19...
Bd7 {[%clk 0:11:21]} 20. Nf3 {[%clk 0:38:59]} 20... Na4 {[%clk 0:07:43]} 21.
Nxa4 {[%clk 0:33:16]} 21... Bxa4 {[%clk 0:07:59]} 22. Rdf1 {[%clk 0:31:15]}
22... Qe7 {[%clk 0:03:38]} 23. Rh6 {[%clk 0:27:40]} 23... Kg7 {[%clk 0:03:23]}
24. Kb1 {[%clk 0:23:50]} 24... Rh8 {[%clk 0:00:45]} 25. Nxe5 {[%clk 0:01:25]}
25... Qxe5 {[%clk 0:00:54]} 26. Qxf4 {[%clk 0:01:09]} 26... Qxf4 { [%clk
0:00:54]} 27. Rxf4 {[%clk 0:01:35]} 27... Raf8 {[%clk 0:01:15]} 28. Rfh4 {[%clk
0:01:10]} 28... Rxh6 {[%clk 0:00:46]} 29. gxh6+ {[%clk 0:01:11]} 29... Kh7
{[%clk 0:01:08]} 30. b3 {[%clk 0:01:02]} 30... Be8 {[%clk 0:00:42]} 31. Bd3
{[%clk 0:00:53]} 31... Rf3 {[%clk 0:00:41]} 32. Bc2 {[%clk 0:00:53]} 32... Re3
{[%clk 0:00:42]} 33. Kc1 {[%clk 0:00:53]} 33... g5 {[%clk 0:00:55]} 34. e5+ {
[%clk 0:00:48]} 34... Kh8 {[%clk 0:00:43]} 35. Re4 {[%clk 0:01:01]} 35... Rh3 {
[%clk 0:00:46]} 36. Rg4 {[%clk 0:00:42]} 36... Rxh6 {[%clk 0:00:37]} 37. Rxg5 {
[%clk 0:01:08]} 37... Rh5 {[%clk 0:00:38]} 38. Rxh5+ {[%clk 0:01:10]} 38...
Bxh5 {[%clk 0:01:06]} 39. Kd2 {[%clk 0:01:27]} 39... Kg7 {[%clk 0:01:01]} 40.
Ke3 {[%clk 0:01:48]} 40... Kf7 {[%clk 0:00:59]} 41. Kf4 {[%clk 0:00:36]} 41...
Ke7 {[%clk 0:28:55]} 42. Be4 {[%clk 0:27:40]} 42... a5 {[%clk 0:25:20]} 43. Ke3
{[%clk 0:24:30]} 43... b6 {[%clk 0:25:36]} 44. Kd4 {[%clk 0:22:30]} 44... Be2 {
[%clk 0:25:33]} 45. Bd3 {[%clk 0:20:40]} 45... Bh5 {[%clk 0:25:57]} 46. Kc4 {
[%clk 0:19:57]} 46... Bf3 {[%clk 0:25:32]} 47. Kd4 {[%clk 0:11:45]} 47... Bh5 {
[%clk 0:25:27]} 48. Ke4 {[%clk 0:10:45]} 48... Bg6+ {[%clk 0:24:16]} 49. Ke3 {
[%clk 0:09:58]} 49... Bf7 {[%clk 0:23:08]} 50. Kd4 {[%clk 0:10:27]} 50... Bh5 {
[%clk 0:23:12]} 51. Bb5 {[%clk 0:10:49]} 51... Bf3 {[%clk 0:23:05]} 52. Bc6 {
[%clk 0:11:15]} 52... Be2 {[%clk 0:23:08]} 53. Ke4 {[%clk 0:11:00]} 53... Bf1 {
[%clk 0:22:19]} 54. Kf5 {[%clk 0:11:25]} 54... Bh3+ {[%clk 0:21:54]} 55. Kg6 {
[%clk 0:11:34]} 55... Bf1 {[%clk 0:20:51]} 56. a3 {[%clk 0:11:08]} 56... Be2 {
[%clk 0:20:40]} 57. b4 {[%clk 0:11:17]} 57... axb4 {[%clk 0:20:52]} 58. axb4 {
[%clk 0:11:45]} 58... Bf1 {[%clk 0:19:22]} 59. Kf5 {[%clk 0:11:54]} 59... Be2 {
[%clk 0:16:24]} 60. Ke4 {[%clk 0:10:03]} 60... Bc4 {[%clk 0:16:21]} 61. Kd4 {
[%clk 0:10:26]} 61... Bf1 {[%clk 0:15:50]} 62. Kc3 {[%clk 0:10:52]} 62... Be2 {
[%clk 0:15:53]} 63. Kb3 {[%clk 0:11:07]} 63... Bd1+ {[%clk 0:12:23]} 64. Ka3 {
[%clk 0:11:36]} 64... Be2 {[%clk 0:12:23]} 65. Ba4 {[%clk 0:11:37]} 65... Bc4 {
[%clk 0:10:32]} 66. Bb3 {[%clk 0:11:55]} 66... Bb5 {[%clk 0:10:54]} 67. Ba2 {
[%clk 0:11:28]} 67... Be8 {[%clk 0:10:46]} 68. Kb3 {[%clk 0:11:35]} 68... Bb5 {
[%clk 0:09:16]} 69. Kc3 {[%clk 0:11:11]} 69... Be2 {[%clk 0:08:58]} 70. Bc4 {
[%clk 0:10:59]} 70... Bd1 {[%clk 0:09:04]} 71. Kb2 {[%clk 0:11:25]} 71... Ba4 {
[%clk 0:07:01]} 72. Ka3 {[%clk 0:03:33]} 72... Bd1 {[%clk 0:05:44]} 73. Bb3 {
[%clk 0:02:05]} 73... Be2 {[%clk 0:06:08]} 74. Ka4 {[%clk 0:01:27]} 74... Bd3 {
[%clk 0:06:22]} 75. Ka3 {[%clk 0:01:03]} 75... Be2 {[%clk 0:05:34]} 76. Ka2 {
[%clk 0:01:26]} 76... Bd3 {[%clk 0:05:29]} 77. Ka1 {[%clk 0:01:39]} 77... Bb5 {
[%clk 0:05:15]} 78. Kb1 {[%clk 0:02:00]} 78... Bd3+ {[%clk 0:04:40]} 79. Kc1 {
[%clk 0:02:29]} 79... Bb5 {[%clk 0:04:22]} 80. Kd2 {[%clk 0:02:54]} 80... Bf1 {
[%clk 0:04:30]} 81. Ke3 {[%clk 0:03:13]} 81... Bb5 {[%clk 0:04:16]} 82. Kf4 {
[%clk 0:03:06]} 82... Be2 {[%clk 0:04:03]} 83. Kf5 {[%clk 0:02:43]} 83... Bd3+
{[%clk 0:04:06]} 84. Kg5 {[%clk 0:03:08]} 84... Be2 {[%clk 0:04:14]} 85. Kg6 {
[%clk 0:02:15]} 85... Bd3+ {[%clk 0:04:25]} 86. Kg7 {[%clk 0:02:44]} 86... Be2
{[%clk 0:04:15]} 87. e6 {[%clk 0:01:23]} 87... Bd3 {[%clk 0:04:21]} 88. Kh6 {
[%clk 0:01:07]} 88... Be2 {[%clk 0:04:04]} 89. Kg5 {[%clk 0:01:32]} 89... Bd3 {
[%clk 0:04:01]} 90. Kf4 {[%clk 0:01:48]} 90... Be2 {[%clk 0:03:07]} 91. Ke5 {
[%clk 0:02:14]} 91... Bb5 {[%clk 0:03:13]} 92. Bc2 {[%clk 0:02:36]} 92... Be2 {
[%clk 0:02:47]} 93. Ba4 {[%clk 0:02:35]} 93... Bf1 {[%clk 0:02:23]} 94. Bc6 {
[%clk 0:00:55]} 94... Be2 {[%clk 0:02:25]} 95. Bd7 {[%clk 0:01:07]} 1/2-1/2

[Event "ODJM B 2018"]
[Site "Willingen GER"]
[Date "2018.05.24"]
[Round "7"]
[White "Yeremyan, Nazik"]
[Black "Lehmann, Tim"]
[Result "0-1"]
[Termination "normal"]
[Board "3"]
[WhiteElo "1681"]
[BlackElo "1781"]
[WhiteClock "00:09:25"]
[BlackClock "00:37:02"]
[PlyCount "78"]
[WhiteFideId "13311468"]
[BlackFideId "12979171"]
[EventCountry "GER"]
[EventRounds "9"]
[EventType "swiss"]
[EventDate "2018.05.19"]

1. d4 {[%clk 1:30:55]} 1... Nf6 {[%clk 1:30:52]} 2. c4 {[%clk 1:31:19]} 2... g6
{[%clk 1:31:08]} 3. Nc3 {[%clk 1:31:34]} 3... Bg7 {[%clk 1:31:28]} 4. e4 {
[%clk 1:32:00]} 4... d6 {[%clk 1:31:43]} 5. Nf3 {[%clk 1:32:22]} 5... O-O {
[%clk 1:31:49]} 6. Be2 {[%clk 1:32:40]} 6... c5 {[%clk 1:31:15]} 7. d5 { [%clk
1:32:24]} 7... e6 {[%clk 1:30:21]} 8. O-O {[%clk 1:31:24]} 8... Re8 { [%clk
1:29:57]} 9. dxe6 {[%clk 1:27:17]} 9... Bxe6 {[%clk 1:28:35]} 10. Bf4 { [%clk
1:24:03]} 10... Qb6 {[%clk 1:27:35]} 11. Qc2 {[%clk 1:13:05]} 11... Nc6 { [%clk
1:21:42]} 12. Rad1 {[%clk 1:10:03]} 12... Nb4 {[%clk 1:06:31]} 13. Qb1 { [%clk
1:09:41]} 13... Rad8 {[%clk 1:05:14]} 14. a3 {[%clk 1:06:56]} 14... Na6 { [%clk
1:01:54]} 15. Qc2 {[%clk 0:59:21]} 15... Nh5 {[%clk 0:59:06]} 16. Be3 { [%clk
0:56:27]} 16... Qc6 {[%clk 0:52:13]} 17. Ng5 {[%clk 0:33:12]} 17... Nf6 { [%clk
0:49:52]} 18. Nxe6 {[%clk 0:30:22]} 18... Rxe6 {[%clk 0:49:17]} 19. Bf3 { [%clk
0:29:19]} 19... Qe8 {[%clk 0:49:11]} 20. Nb5 {[%clk 0:25:38]} 20... Bf8 { [%clk
0:42:52]} 21. Bg5 {[%clk 0:24:24]} 21... h6 {[%clk 0:40:55]} 22. Bxf6 { [%clk
0:21:19]} 22... Rxf6 {[%clk 0:41:15]} 23. e5 {[%clk 0:21:22]} 23... Rxf3 {[%clk
0:40:31]} 24. gxf3 {[%clk 0:21:38]} 24... Qxe5 {[%clk 0:40:51]} 25. Rfe1 {[%clk
0:21:16]} 25... Qg5+ {[%clk 0:40:25]} 26. Kh1 {[%clk 0:21:25]} 26... Qf6 {[%clk
0:40:31]} 27. Qe2 {[%clk 0:20:06]} 27... Rd7 {[%clk 0:39:38]} 28. Rd3 { [%clk
0:18:34]} 28... Nc7 {[%clk 0:39:19]} 29. Nxc7 {[%clk 0:17:33]} 29... Rxc7
{[%clk 0:39:35]} 30. Re3 {[%clk 0:17:35]} 30... Bg7 {[%clk 0:39:06]} 31. Re8+ {
[%clk 0:16:35]} 31... Kh7 {[%clk 0:39:28]} 32. b3 {[%clk 0:15:05]} 32... a6 {
[%clk 0:39:11]} 33. Re3 {[%clk 0:14:10]} 33... Qf4 {[%clk 0:37:41]} 34. Re4 {
[%clk 0:13:46]} 34... Qf6 {[%clk 0:37:45]} 35. Rd1 {[%clk 0:13:46]} 35... h5 {
[%clk 0:36:12]} 36. Qd2 {[%clk 0:08:21]} 36... Qxf3+ {[%clk 0:36:02]} 37. Kg1 {
[%clk 0:08:49]} 37... Qxe4 {[%clk 0:36:20]} 38. Qxd6 {[%clk 0:09:08]} 38... Re7
{[%clk 0:36:33]} 39. Qxc5 {[%clk 0:09:25]} 39... Qg4+ {[%clk 0:37:02]} 0-1

[Event "ODJM B 2018"]
[Site "Willingen GER"]
[Date "2018.05.24"]
[Round "7"]
[White "Petri, Ben-Luca"]
[Black "Udaykumar, Arunn Mark"]
[Result "0-1"]
[Termination "normal"]
[Board "4"]
[WhiteElo "1767"]
[BlackElo "1765"]
[WhiteClock "01:03:21"]
[BlackClock "00:05:01"]
[PlyCount "60"]
[WhiteFideId "12947261"]
[BlackFideId "12965456"]
[EventCountry "GER"]
[EventRounds "9"]
[EventType "swiss"]
[EventDate "2018.05.19"]

1. e4 {[%clk 1:30:57]} 1... e5 {[%clk 1:28:45]} 2. Nf3 {[%clk 1:31:06]} 2...
Nc6 {[%clk 1:28:14]} 3. Bb5 {[%clk 1:29:42]} 3... a6 {[%clk 1:26:48]} 4. Bxc6 {
[%clk 1:30:05]} 4... dxc6 {[%clk 1:26:56]} 5. O-O {[%clk 1:30:14]} 5... Bg4 {
[%clk 1:27:13]} 6. h3 {[%clk 1:30:36]} 6... h5 {[%clk 1:27:03]} 7. d3 { [%clk
1:31:00]} 7... Qf6 {[%clk 1:23:05]} 8. Be3 {[%clk 1:31:12]} 8... Bxf3 { [%clk
1:15:41]} 9. Qxf3 {[%clk 1:31:31]} 9... Qxf3 {[%clk 1:15:19]} 10. gxf3 { [%clk
1:31:53]} 10... Bd6 {[%clk 1:13:21]} 11. Nd2 {[%clk 1:32:19]} 11... O-O-O
{[%clk 1:10:33]} 12. Rfb1 {[%clk 1:29:30]} 12... Ne7 {[%clk 1:07:54]} 13. b4 {
[%clk 1:29:05]} 13... g5 {[%clk 1:06:19]} 14. Kf1 {[%clk 1:24:48]} 14... Rdg8 {
[%clk 1:03:31]} 15. c4 {[%clk 1:23:46]} 15... f5 {[%clk 0:59:34]} 16. c5 {
[%clk 1:20:28]} 16... f4 {[%clk 0:59:25]} 17. cxd6 {[%clk 1:20:10]} 17... fxe3
{[%clk 0:59:28]} 18. Nc4 {[%clk 1:19:14]} 18... Ng6 {[%clk 0:50:31]} 19. fxe3 {
[%clk 1:18:10]} 19... g4 {[%clk 0:48:32]} 20. Kf2 {[%clk 1:09:11]} 20... gxf3 {
[%clk 0:42:34]} 21. Rg1 {[%clk 1:09:02]} 21... b5 {[%clk 0:38:44]} 22. Na5 {
[%clk 1:07:23]} 22... cxd6 {[%clk 0:18:15]} 23. Nxc6 {[%clk 1:06:42]} 23... Kd7
{[%clk 0:17:58]} 24. Na5 {[%clk 1:06:25]} 24... Nh4 {[%clk 0:15:29]} 25. Rxg8 {
[%clk 1:03:39]} 25... Rxg8 {[%clk 0:15:54]} 26. Rg1 {[%clk 1:04:06]} 26... Rc8
{[%clk 0:11:23]} 27. Rg7+ {[%clk 1:04:34]} 27... Ke6 {[%clk 0:11:24]} 28. Kg3 {
[%clk 1:04:38]} 28... Rf8 {[%clk 0:08:39]} 29. Kf2 {[%clk 1:04:41]} 29... Rc8 {
[%clk 0:08:46]} 30. Kg3 {[%clk 1:03:21]} 30... Rc2 {[%clk 0:05:01]} 0-1

[Event "ODJM B 2018"]
[Site "Willingen GER"]
[Date "2018.05.24"]
[Round "7"]
[White "Diegel, Jonas"]
[Black "Schmidt, Arne"]
[Result "1/2-1/2"]
[Termination "normal"]
[Board "5"]
[WhiteElo "1712"]
[BlackElo "1727"]
[WhiteClock "00:45:36"]
[BlackClock "00:04:16"]
[PlyCount "59"]
[WhiteFideId "16206061"]
[BlackFideId "16263154"]
[EventCountry "GER"]
[EventRounds "9"]
[EventType "swiss"]
[EventDate "2018.05.19"]

1. d4 {[%clk 1:30:58]} 1... c5 {[%clk 1:30:46]} 2. d5 {[%clk 1:31:24]} 2... d6
{[%clk 1:30:11]} 3. c4 {[%clk 1:31:37]} 3... b5 {[%clk 1:30:10]} 4. cxb5 {
[%clk 1:32:00]} 4... a6 {[%clk 1:29:51]} 5. bxa6 {[%clk 1:32:25]} 5... Bxa6 {
[%clk 1:30:03]} 6. e4 {[%clk 1:32:46]} 6... Bxf1 {[%clk 1:29:31]} 7. Kxf1 {
[%clk 1:33:11]} 7... g6 {[%clk 1:29:32]} 8. Nc3 {[%clk 1:33:18]} 8... Bg7 {
[%clk 1:29:06]} 9. Nge2 {[%clk 1:33:40]} 9... Nf6 {[%clk 1:28:39]} 10. g3 {
[%clk 1:33:26]} 10... Na6 {[%clk 1:25:57]} 11. Bd2 {[%clk 1:26:06]} 11... O-O {
[%clk 1:08:20]} 12. b3 {[%clk 1:24:50]} 12... Qd7 {[%clk 1:05:40]} 13. Kg2 {
[%clk 1:23:39]} 13... Ra7 {[%clk 0:58:51]} 14. Rb1 {[%clk 1:22:06]} 14... Nb4 {
[%clk 0:48:32]} 15. a4 {[%clk 1:21:21]} 15... Rb7 {[%clk 0:33:45]} 16. f3 {
[%clk 1:20:03]} 16... Ne8 {[%clk 0:27:57]} 17. Nb5 {[%clk 1:10:50]} 17... Nc7 {
[%clk 0:22:57]} 18. Nxc7 {[%clk 1:03:48]} 18... Qxc7 {[%clk 0:22:28]} 19. Qc1 {
[%clk 1:01:49]} 19... Rfb8 {[%clk 0:20:10]} 20. Qc4 {[%clk 0:59:28]} 20... Qa5
{[%clk 0:16:32]} 21. Nc3 {[%clk 0:54:54]} 21... Na2 {[%clk 0:14:46]} 22. b4 {
[%clk 0:50:08]} 22... Nxb4 {[%clk 0:13:33]} 23. Na2 {[%clk 0:47:43]} 23... Qxa4
{[%clk 0:12:33]} 24. Nxb4 {[%clk 0:47:54]} 24... cxb4 {[%clk 0:11:50]} 25. Rhc1
{[%clk 0:46:46]} 25... h6 {[%clk 0:04:30]} 26. Rb3 {[%clk 0:46:26]} 26... Qa2 {
[%clk 0:03:20]} 27. Rc2 {[%clk 0:46:37]} 27... Qa4 {[%clk 0:03:46]} 28. Rc1 {
[%clk 0:44:48]} 28... Qa2 {[%clk 0:03:53]} 29. Rc2 {[%clk 0:45:17]} 29... Qa4 {
[%clk 0:04:16]} 30. Rc1 {[%clk 0:45:36]} 1/2-1/2

[Event "ODJM B 2018"]
[Site "Willingen GER"]
[Date "2018.05.24"]
[Round "7"]
[White "Walow, Xenia"]
[Black "Klühs, Gustaf"]
[Result "1/2-1/2"]
[Termination "normal"]
[Board "6"]
[WhiteElo "1742"]
[BlackElo "1740"]
[WhiteClock "00:40:42"]
[BlackClock "00:18:53"]
[PlyCount "48"]
[WhiteFideId "12971839"]
[BlackFideId "16228936"]
[EventCountry "GER"]
[EventRounds "9"]
[EventType "swiss"]
[EventDate "2018.05.19"]

1. e4 {[%clk 1:30:57]} 1... e6 {[%clk 1:30:47]} 2. Nf3 {[%clk 1:31:17]} 2... d5
{[%clk 1:31:08]} 3. Nc3 {[%clk 1:31:41]} 3... Nf6 {[%clk 1:31:07]} 4. e5 {
[%clk 1:32:04]} 4... Nfd7 {[%clk 1:31:32]} 5. d4 {[%clk 1:31:55]} 5... c5 {
[%clk 1:28:55]} 6. dxc5 {[%clk 1:32:11]} 6... Nxc5 {[%clk 1:25:45]} 7. Bf4 {
[%clk 1:29:15]} 7... a6 {[%clk 1:24:11]} 8. Bd3 {[%clk 1:17:45]} 8... Be7 {
[%clk 1:20:21]} 9. Qe2 {[%clk 1:17:11]} 9... Nc6 {[%clk 1:17:20]} 10. h4 {
[%clk 1:13:53]} 10... Bd7 {[%clk 1:14:35]} 11. Ng5 {[%clk 1:10:01]} 11... Nxd3+
{[%clk 1:05:05]} 12. cxd3 {[%clk 1:07:20]} 12... Nd4 {[%clk 1:03:22]} 13. Qd1 {
[%clk 1:03:49]} 13... h6 {[%clk 1:01:31]} 14. Nf3 {[%clk 1:03:16]} 14... Nxf3+
{[%clk 0:57:39]} 15. Qxf3 {[%clk 1:02:55]} 15... Qb6 {[%clk 0:51:09]} 16. Rb1 {
[%clk 0:58:21]} 16... Rc8 {[%clk 0:46:03]} 17. O-O {[%clk 0:56:09]} 17... O-O {
[%clk 0:34:10]} 18. Qg4 {[%clk 0:50:31]} 18... Kh7 {[%clk 0:31:42]} 19. Be3 {
[%clk 0:47:34]} 19... Qb4 {[%clk 0:29:34]} 20. d4 {[%clk 0:47:02]} 20... Bb5 {
[%clk 0:24:35]} 21. Rfd1 {[%clk 0:41:45]} 21... Ba4 {[%clk 0:21:23]} 22. Rdc1 {
[%clk 0:40:39]} 22... Bb5 {[%clk 0:18:16]} 23. Rd1 {[%clk 0:40:19]} 23... Ba4 {
[%clk 0:18:32]} 24. Rdc1 {[%clk 0:40:42]} 24... Bb5 {[%clk 0:18:53]} 1/2-1/2

[Event "ODJM B 2018"]
[Site "Willingen GER"]
[Date "2018.05.24"]
[Round "7"]
[White "Schilay, Eva"]
[Black "Rothenberg, Jannik"]
[Result "0-1"]
[Termination "normal"]
[Board "7"]
[WhiteElo "1605"]
[BlackElo "1678"]
[WhiteClock "00:03:55"]
[BlackClock "00:05:45"]
[PlyCount "76"]
[WhiteFideId "12930164"]
[BlackFideId "16204743"]
[EventCountry "GER"]
[EventRounds "9"]
[EventType "swiss"]
[EventDate "2018.05.19"]

1. e4 {[%clk 1:30:57]} 1... e6 {[%clk 1:30:53]} 2. Nf3 {[%clk 1:31:18]} 2... d5
{[%clk 1:31:16]} 3. Nc3 {[%clk 1:31:34]} 3... Nf6 {[%clk 1:31:25]} 4. e5 {
[%clk 1:31:46]} 4... Nfd7 {[%clk 1:31:43]} 5. d4 {[%clk 1:31:49]} 5... c5 {
[%clk 1:30:21]} 6. dxc5 {[%clk 1:31:35]} 6... Nxc5 {[%clk 1:29:12]} 7. h4 {
[%clk 1:28:43]} 7... a6 {[%clk 1:27:43]} 8. Bf4 {[%clk 1:25:01]} 8... Nc6 {
[%clk 1:26:57]} 9. h5 {[%clk 1:18:41]} 9... h6 {[%clk 1:23:44]} 10. Rh4 { [%clk
1:14:05]} 10... b5 {[%clk 1:20:13]} 11. a3 {[%clk 1:09:59]} 11... Bb7 { [%clk
1:09:08]} 12. Qd2 {[%clk 0:56:40]} 12... Ne4 {[%clk 0:58:34]} 13. Nxe4 { [%clk
0:52:21]} 13... dxe4 {[%clk 0:58:49]} 14. Qxd8+ {[%clk 0:52:34]} 14... Rxd8
{[%clk 0:58:56]} 15. Nd2 {[%clk 0:51:51]} 15... Nd4 {[%clk 0:55:36]} 16. O-O-O
{[%clk 0:45:29]} 16... Nf5 {[%clk 0:46:32]} 17. Rh2 {[%clk 0:38:38]} 17... Bc5
{[%clk 0:43:20]} 18. g4 {[%clk 0:38:45]} 18... Nd4 {[%clk 0:40:35]} 19. c3
{[%clk 0:30:34]} 19... Nf3 {[%clk 0:37:40]} 20. Rg2 {[%clk 0:29:53]} 20... Nxd2
{[%clk 0:31:27]} 21. Rxd2 {[%clk 0:26:32]} 21... Rxd2 { [%clk 0:31:01]} 22.
Kxd2 {[%clk 0:26:14]} 22... e3+ {[%clk 0:30:13]} 23. Bxe3 { [%clk 0:25:45]}
23... Bxe3+ {[%clk 0:30:02]} 24. Kxe3 {[%clk 0:26:08]} 24... Bxg2 {[%clk
0:30:18]} 25. Bxg2 {[%clk 0:26:34]} 25... Ke7 {[%clk 0:29:26]} 26. Bb7 {[%clk
0:26:34]} 26... a5 {[%clk 0:29:11]} 27. Bc6 {[%clk 0:26:44]} 27... Rb8 {[%clk
0:28:04]} 28. Kd3 {[%clk 0:19:15]} 28... f6 {[%clk 0:25:10]} 29. f4 {[%clk
0:12:36]} 29... fxe5 {[%clk 0:20:58]} 30. fxe5 {[%clk 0:13:01]} 30... Kd8
{[%clk 0:20:37]} 31. Kd4 {[%clk 0:08:03]} 31... b4 {[%clk 0:18:15]} 32. c4
{[%clk 0:06:15]} 32... bxa3 {[%clk 0:14:40]} 33. bxa3 {[%clk 0:06:38]} 33...
Rb3 {[%clk 0:12:19]} 34. a4 {[%clk 0:06:45]} 34... Kc7 {[%clk 0:11:32]} 35. Be8
{[%clk 0:04:36]} 35... Rg3 {[%clk 0:08:16]} 36. Bf7 {[%clk 0:03:17]} 36...
Rxg4+ {[%clk 0:07:34]} 37. Kd3 {[%clk 0:03:46]} 37... Kd7 {[%clk 0:07:00]} 38.
Bg6 {[%clk 0:03:55]} 38... Rxg6 {[%clk 0:05:45]} 0-1

[Event "ODJM B 2018"]
[Site "Willingen GER"]
[Date "2018.05.24"]
[Round "7"]
[White "Limberg, Thomas"]
[Black "Adelmeyer, Matti"]
[Result "0-1"]
[Termination "normal"]
[Board "8"]
[WhiteElo "1647"]
[BlackElo "1733"]
[WhiteClock "00:01:14"]
[BlackClock "00:02:12"]
[PlyCount "82"]
[WhiteFideId "16226755"]
[BlackFideId "12962520"]
[EventCountry "GER"]
[EventRounds "9"]
[EventType "swiss"]
[EventDate "2018.05.19"]

1. d4 {[%clk 1:30:58]} 1... d5 {[%clk 1:30:30]} 2. c4 {[%clk 1:31:16]} 2... e6
{[%clk 1:30:26]} 3. Nf3 {[%clk 1:30:54]} 3... Nf6 {[%clk 1:30:28]} 4. g3 {
[%clk 1:30:57]} 4... Be7 {[%clk 1:28:59]} 5. Bg2 {[%clk 1:31:14]} 5... O-O {
[%clk 1:28:53]} 6. O-O {[%clk 1:31:23]} 6... b6 {[%clk 1:23:38]} 7. cxd5 {
[%clk 1:27:34]} 7... Nxd5 {[%clk 1:22:46]} 8. e4 {[%clk 1:23:57]} 8... Nf6 {
[%clk 1:21:11]} 9. Nc3 {[%clk 1:23:59]} 9... Bb7 {[%clk 1:20:08]} 10. Re1 {
[%clk 1:19:53]} 10... h6 {[%clk 1:15:11]} 11. a3 {[%clk 1:10:31]} 11... c5 {
[%clk 1:06:48]} 12. Bf4 {[%clk 0:58:00]} 12... cxd4 {[%clk 1:01:05]} 13. Nxd4 {
[%clk 0:55:30]} 13... Bc5 {[%clk 0:57:33]} 14. Be3 {[%clk 0:47:34]} 14... e5 {
[%clk 0:50:39]} 15. Nf5 {[%clk 0:43:35]} 15... Bxe3 {[%clk 0:42:41]} 16. Nxe3 {
[%clk 0:43:51]} 16... Nc6 {[%clk 0:37:45]} 17. Ncd5 {[%clk 0:37:33]} 17... Nd4
{[%clk 0:32:53]} 18. Rc1 {[%clk 0:35:26]} 18... Nxd5 {[%clk 0:25:58]} 19. Nxd5
{[%clk 0:32:14]} 19... Qd6 {[%clk 0:25:12]} 20. Qa4 {[%clk 0:22:03]} 20... b5 {
[%clk 0:20:10]} 21. Qb4 {[%clk 0:20:37]} 21... Qxb4 {[%clk 0:19:35]} 22. axb4 {
[%clk 0:19:28]} 22... Bxd5 {[%clk 0:17:31]} 23. exd5 {[%clk 0:19:47]} 23...
Rac8 {[%clk 0:17:49]} 24. Rc5 {[%clk 0:18:08]} 24... f6 {[%clk 0:15:11]} 25.
Kf1 {[%clk 0:15:53]} 25... Rcd8 {[%clk 0:08:23]} 26. Rc7 {[%clk 0:14:19]} 26...
Rf7 {[%clk 0:08:16]} 27. Rec1 {[%clk 0:14:10]} 27... Rxc7 {[%clk 0:05:39]} 28.
Rxc7 {[%clk 0:14:33]} 28... a6 {[%clk 0:06:05]} 29. Ke1 {[%clk 0:13:17]} 29...
f5 {[%clk 0:05:13]} 30. Rc5 {[%clk 0:04:09]} 30... e4 {[%clk 0:04:49]} 31. f3 {
[%clk 0:02:26]} 31... exf3 {[%clk 0:04:26]} 32. Bh1 {[%clk 0:02:44]} 32... g5 {
[%clk 0:04:16]} 33. Kf2 {[%clk 0:02:20]} 33... g4 {[%clk 0:03:30]} 34. Ke3 {
[%clk 0:02:26]} 34... Nb3 {[%clk 0:02:48]} 35. Rc3 {[%clk 0:02:20]} 35... Re8+
{[%clk 0:02:08]} 36. Kd3 {[%clk 0:00:58]} 36... Re1 {[%clk 0:01:09]} 37. Bxf3 {
[%clk 0:00:35]} 37... gxf3 {[%clk 0:01:34]} 38. Rc2 {[%clk 0:00:50]} 38... Re2
{[%clk 0:01:08]} 39. Rxe2 {[%clk 0:00:46]} 39... Nc1+ {[%clk 0:01:33]} 40. Ke3
{[%clk 0:01:04]} 40... fxe2 {[%clk 0:01:49]} 41. Kd2 {[%clk 0:01:14]} 41... Kf7
{[%clk 0:02:12]} 0-1